Statistics for Euro 2020 Quarter Finals - Ukraine - England

Click here to take the quiz!

General Stats

  • This quiz has been taken 48 times
  • The average score is 18 of 31

Answer Stats

Player% Correct
Harry Kane ²
98%
Jordan Pickford
98%
Harry Maguire ¹
93%
John Stones
93%
Raheem Sterling
93%
Declan Rice
90%
Luke Shaw
90%
Jadon Sancho
86%
Kyle Walker
86%
Gareth Southgate
81%
Kalvin Phillips
81%
Mason Mount
81%
Jordan Henderson ¹
76%
Marcus Rashford
76%
Jude Bellingham
74%
Oleksandr Zinchenko
64%
Andriy Yarmolenko
62%
Kieran Trippier
60%
Andriy Shevchenko
55%
Roman Yaremchuk
48%
Dominic Calvert-Lewin
45%
Heorhiy Bushchan
24%
Mykola Shaparenko
24%
Vitaliy Mykolenko
24%
Oleksandr Karavayev
19%
Viktor Tsyhankov
17%
Serhiy Sydorchuk
14%
Illia Zabarnyi
12%
Mykola Matviyenko
10%
Serhiy Kryvtsov
10%
Yevhenii Makarenko
7%

Score Distribution

Percentile by Number Answered

Percent of People with Each Score

Your Score History

You have not taken this quiz